000 00859nam a22002057i 4500
999 _c23187
_d23187
003 AR-CdUCM
008 250122b20242024 pe||||| |||| 00| 0 spa d
020 _a978-612-00-9705-2
040 _aMUNICIPALIDAD PROVINCIAL DEL CUSCO
_cBIBLIOTECA MUNICIPAL DEL CUSCO
041 _hspa
082 _a869.56 / H84O
_bH84O
100 _aHuayta Salhua, Florencio
_948994
245 _aOcurrencias :
_bDa mucho gusto volver a recordar, las tanta ocurrencias anecdóticas en la vida.
260 _aSicuani-Cusco :
_bAutor-Editor
_c2024
300 _a164 páginas. :
_c21x15 cm.
500 _zBibliografía: páginas 181-182
505 _aUna cría muerta -- Es fácil inyectar -- La muerte del caballo blanco -- Los once sargentos -- El otro zapato -- La cobardía de uno -- Falso orgullo -- no se regala lo ajeno
942 _2ddc
_cLIBROS
945 _apbjr
_d22-01-2025